Państwa które kontrolowały Kraków - Statystyki

Ogólne statystyki
  • Ten quiz został rozwiązany 89 razy
  • Średni wynik to 8 z 9
Statystyki odpowiedzi
Lata kontrolowania Państwo % Poprawnych
986 - 1795 Polska
96%
1945 - obecnie Polska
96%
1939 - 1945 Niemcy
95%
1918 - 1939 Polska
94%
1795 - 1807 Austria
90%
1846 - 1918 Austria
90%
965 - 986 Czechy
77%
1807 - 1815 Księstwo Warszawskie
77%
1815 - 1846 Wolne Miasto Kraków
52%
Nie znaleziono quizów pasujących do podanych kryteriów
Rozkład punktacji
Procent ludzi z każdym wynikiem
Percentyl według liczby udzielonych odpowiedzi
Twoja historia wyników
Nie rozwiązałeś tego quizu